Bravi : Lyric Opera of Chicago /

Bibliographic Details
Main Author: Skrebneski, Victor
Other Authors: Rest, Dan, Romano, Tony
Format: Book
Language:English
Published: New York : Abbeville Press, [1994]
Edition:1st ed.
Subjects:

MARC

Tag First Indicator Second Indicator Subfields
LEADER 00000cam a2200000 a 4500
001 in00001237295
005 20151003062402.0
008 940203s1994 nyua 000 0 eng
010 |a  94006516  
015 |a GB95-34965 
020 |a 1558597719 :  |c $50.00 
035 |a (OCoLC)29877189 
035 |9 AGS7596AM 
040 |a DLC  |c DLC  |d UKM  |d UtOrBLW 
049 |a TXAM 
050 0 0 |a ML1711.8.C5  |b L97 1994 
082 0 0 |a 782.1/09773/11  |2 20 
100 1 |a Skrebneski, Victor. 
245 1 0 |a Bravi :  |b Lyric Opera of Chicago /  |c [production photographs by Dan Rest & Tony Romano ; portraits by Skrebneski]. 
250 |a 1st ed. 
264 1 |a New York :  |b Abbeville Press,  |c [1994] 
264 4 |c ©1994 
300 |a 1 volume (unpaged) :  |b illustrations ;  |c 34 cm. 
336 |a text  |b txt  |2 rdacontent 
337 |a unmediated  |b n  |2 rdamedia 
338 |a volume  |b nc  |2 rdacarrier 
536 |a From the Howard Mayer Brown, Edward Downes and Mary Schieffelin book collections. October, 2004. 
610 2 0 |a Lyric Opera of Chicago  |x Pictorial works. 
610 2 4 |a Lyric Opera of Chicago. 
653 0 |a Opera houses 
653 0 |a Illinois 
700 1 |a Rest, Dan. 
700 1 |a Romano, Tony. 
999 |a MARS 
999 f f |s 73f73de4-9f52-3a4b-9d56-8b4388c8e069  |i f794acfb-7f97-328b-a07f-70cbeac594a4  |t 0 
952 f f |p storage  |a Texas A&M University  |b J.J. Pickle Campus  |c High Density Repository  |d Remote Storage  |t 0  |e ML1711.8.C5 L97 1994  |h Library of Congress classification  |i unmediated -- volume  |m A14834435909 
998 f f |a ML1711.8.C5 L97 1994  |t 0  |l Remote Storage